| 000 | 00341nam a2200145 a 4500 | ||
|---|---|---|---|
| 001 | 5813 | ||
| 003 | CDMR | ||
| 005 | 20130116135313.0 | ||
| 008 | 130130s ||||||||||||||||||||||||||||d | ||
| 040 |
_aCDMR _bcat _cCDMR |
||
| 245 | 4 | _aLa protection des journalistes | |
| 260 | _bUnesco | ||
| 490 | 0 |
_aNew Communication Order _v4 _92738 |
|
| 942 | _cMON | ||
| 999 |
_c5813 _d5813 |
||